• 首页
  • 本馆介绍
  • 公告通知
  • 最新文献
  • 馆藏检索
  • 电子资源
  • 读者导购
  • 参考咨询
  • 我的图书馆
  • 登录
  • 详细信息显示
  • 放入我的书架
  • 预约/预借图书
  • 作者相关作品
  • 分类相关作品
  • 丛书相关作品
  • 出版社相关作品

书目信息

  • 表格格式
  • 工作单格式
  • 卡片格式
题名:
2006全国硕士研究生入学统一考试应试教程时事政治分册(形势与政策)
    
 
作者: 双博士考研政治课题组 编写
分册:  
出版信息: 北京   科学技术文献出版社  2005
页数: 202页
开本: 20cm
丛书名:
单 册:
中图分类: D643
科图分类:
主题词: 政治--中国
电子资源:
ISBN: 7-5023-3401-7
000 00803nam0 2200205 450
001 0631655000
005 20061012084939.45
010    @a7-5023-3401-7@dCNY10.00
100    @a20061012d2005 km y0chiy0120 ea
101 0  @achi
102    @aCN@b110000
200 1  @a2006全国硕士研究生入学统一考试应试教程时事政治分册(形势与政策)@A2006 quan guo shuo shi yan jiu sheng ru xue tong yi kao shi ying shi jiao cheng shi shi zheng zhi fen ce(xing shi yu zheng ce)@f双博士考研政治课题组编写@Fshuang bo shi kao yan zheng zhi ke ti zu bian xie
205    @a4版
210    @a北京@c科学技术文献出版社@d2005
215    @a202页@d20cm
606 0  @a政治@x中国
690    @aD643@v3
701  0 @a双博士考研政治课题组@Ashuang bo shi kao yan zheng zhi ke ti zu@4编写
801  0 @aCN@bPFT@c20061012
905    @a10447@dD643@e101=4
    
    2006全国硕士研究生入学统一考试应试教程时事政治分册(形势与政策)/双博士考研政治课题组编写.-4版.-北京:科学技术文献出版社,2005
    202页;20cm
    
    
    ISBN 7-5023-3401-7:CNY10.00
    
●
相关链接 在E读中查询图书 在五车中查询图书 在当当中查询图书 在豆瓣中查询图书


正题名:2006全国硕士研究生入学统一考试应试教程时事政治分册(形势与政策)     索取号:D643/101=4         预约/预借

序号 登录号 条形码 馆藏地/架位号 状态 备注
1 0501682   205016828   密集书库/ [索取号:D643/101=4] 在馆    
唐山师范学院图书馆 欢迎您!
大连网信软件有限公司© 版权所有